Statistics for NBA Eastern Conference Rosters 2022-23

Click here to take the quiz!

General Stats

  • This quiz has been taken 10 times
  • The average score is 104 of 249

Answer Stats

TeamPlayerPosition% Correct
Thaddeus YoungPF
100%
Trae YoungPG
100%
HeatBam AdebayoC
90%
Bradley BealSG
90%
Clint CapelaC
90%
Dejounte MurraySG
90%
Giannis AntetokounmpoPF
90%
Jimmy ButlerSF
90%
Al HorfordPF
80%
Alondes WilliamsSG (2W)
80%
HawksBogdan BogdanovicSG
80%
Bojan BogdanovicPF
80%
Duncan RobinsonSF
80%
CavaliersJarrett AllenC
80%
Jaylen BrownSG
80%
Jayson TatumSF
80%
Jevon CarterPG
80%
Joel EmbiidC
80%
Julius RandlePF
80%
Kai JonesPF
80%
Khris MiddletonSF
80%
Kyle LowryPG
80%
HornetsLaMelo BallPG
80%
Lonzo BallPG
80%
Marcus SmartPG
80%
Mark WilliamsC
80%
Mitchell RobinsonC
80%
Patrick WilliamsPF
80%
Robert WilliamsC
80%
Wendell CarterC
80%
Alex CarusoSG
70%
Ben SimmonsPF
70%
Brook LopezC
70%
Cade CunninghamPG
70%
DeMar DeRozanSF
70%
Derrick JonesPF
70%
Donovan MitchellSG
70%
Fred VanVleetPG
70%
Gary HarrisSG
70%
Grant WilliamsPF
70%
Jalen DurenC
70%
Jalen SmithPF
70%
James HardenPG
70%
Joe HarrisSG
70%
John CollinsPF
70%
Justin HolidaySF
70%
Kendall BrownSF (2W)
70%
Kristaps PorzingisC
70%
Myles TurnerC
70%
Nikola VucevicC
70%
Pascal SiakamPF
70%
Robin LopezC
70%
Scottie BarnesPF
70%
Tobias HarrisSF
70%
Tyler HerroSG
70%
Tyrese HaliburtonPG
70%
Zach LavineSG
70%
Aaron HolidayPG
60%
A.J. GreenPG (2W)
60%
Buddy HieldSF
60%
Coby WhiteSG
60%
MagicCole AnthonySG
60%
Darius GarlandPG
60%
Dennis SmithPG
60%
Derrick RosePG
60%
Derrick WhiteSG
60%
Dru SmithSG (2W)
60%
Evan MobleyPF
60%
Franz WagnerSF
60%
Gordon HaywardSF
60%
BucksGrayson AllenSG
60%
Isaiah JacksonC
60%
Isaiah MobleyPF (2W)
60%
Jalen BrunsonPG
60%
Javonte GreenSF
60%
Johnny DavisSG
60%
Kevon HarrisSF (2W)
60%
BullsKostas AntetokounmpoPF (2W)
60%
Kyrie IrvingPG
60%
Markeiff MorrisPF
60%
Mason PlumleeC
60%
Monte MorrisPG
60%
Mo WagnerC
60%
R.J. BarrettSF
60%
Saddiq BeySF
60%
Thanasis AntetokounmpoPF
60%
Tyrese MaxeySG
60%
Victor OladipoSG
60%
Caris LevertSG
50%
DeAndre HunterSF
50%
Immanuel QuickleySG
50%
Isaiah StewartC
50%
Jalen JohnsonPF
50%
Jalen SuggsPG
50%
James JohnsonPF
50%
Justin JacksonSF
50%
Kevin DurantSF
50%
Kevin LovePF
50%
Kyle KuzmaPF
50%
CelticsMalcolm BrogdonPG
50%
Mo BambaC
50%
NetsNic ClaxtonC
50%
Paolo BancheroPF
50%
Seth CurrySG
50%
A.J. GriffinSF
40%
Andre DrummondC
40%
Ayo DosunmuPG
40%
Blake GriffinC
40%
Caleb MartinPF
40%
Cam ThomasSG
40%
Chris BoucherPF
40%
Cody MartinSG
40%
DeAnthony MeltonPG
40%
WizardsDeni AvdijaSF
40%
Evan FournierSG
40%
Feron HuntPF (2W)
40%
Furkan KorkmazSG
40%
Gary TrentSG
40%
George HillPG
40%
Goran DragicPG
40%
Isaac OkoroSF
40%
Jaden IveySG
40%
Jonathan IsaacPF
40%
Kelly OubreSF
40%
Malcolm HillSG (2W)
40%
Montrezl HarrellC
40%
Obi ToppinPF
40%
OG AnunobySF
40%
Patty MillsPG
40%
Payton PritchardPG
40%
P.J. TuckerPF
40%
P.J. WashingtonPF
40%
Raul NetoPG
40%
Rui HachimuraPF
40%
Shake MiltonSG
40%
Terrence RossSG
40%
Terry RozierSG
40%
T.J. WarrenSF
40%
Will BartonSG
40%
Aaron NesmithSF
30%
Alec BurksSG
30%
Bobby PortisC
30%
Cedi OsmanSF
30%
Chris DuarteSG
30%
Daniel GaffordC
30%
Daniel TheisC
30%
Delon WrightPG
30%
Frank KaminskyC
30%
James BouknightSG
30%
Kevin KnoxPF
30%
Killian HayesPG
30%
Markelle FultzPG
30%
Marko SimonovicC
30%
PistonsMarvin BagleyPF
30%
Matisse ThybulleSF
30%
Max StrusSG
30%
Nikola JovicPF
30%
Onyeka OkongwuC
30%
Otto PorterSF
30%
Paul ReedPF
30%
RaptorsPrecious AchiuwaC
30%
Quentin GrimesSG
30%
Sandro MamukelashviliC (2W)
30%
Serge IbakaC
30%
Tyrese MartinSG
30%
Wesley MatthewsSG
30%
Benedict MathurinSG
20%
Cam ReddishSF
20%
Chuma OkekePF
20%
Corey KispertSF
20%
Danilo GallinariPF
20%
Danuel HouseSF
20%
Day’Ron SharpeC
20%
Dean WadePF
20%
Dewayne DedmonC
20%
Gabe VincentPG
20%
Georges NiangPF
20%
PacersGoga BitadzeC
20%
Haywood HighsmithSF
20%
Isaiah HartensteinC
20%
Jarrett CulverSG (2W)
20%
Jericho SimsPF
20%
Joe InglesSF
20%
Kessler EdwardsSF
20%
Khem BirchC
20%
Lamar StevensSF
20%
Luke KornetC
20%
Marjon BeauchampSG
20%
Nerlens NoelC
20%
Noah VonlehC
20%
Omer YurtsevenC
20%
Pat ConnaughtonSF
20%
Ricky RubioPG
20%
R.J. HamptonSG
20%
Ron HarperSG
20%
Royce O’NealePF
20%
Sam HauserSF
20%
Taj GibsonC
20%
Udonis HaslemPF
20%
Admiral ScofieldSF (2W)
10%
Andrew NembhardPG
10%
Anthony GillPF
10%
Bol BolC
10%
Braxton KeySF (2W)
10%
Bryce McGowensSG (2W)
10%
Buddy BoeheimSG (2W)
10%
Caleb HoustanSF
10%
Christian KolokoC
10%
Cory JosephPG
10%
Dalen TerrySG
10%
David DukeSG (2W)
10%
Dylan WindlerSG
10%
Edmond SumnerSG
10%
Hamidou DialloSF
10%
Isaiah LiversPF
10%
Isaiah ToddPF
10%
Jaden SpringerSG
10%
Jalen McDanielsPF
10%
Jamal CainSF (2W)
10%
J.D. DavisonPG (2W)
10%
Jeff DowtinPG (2W)
10%
Jordan GoodwinSG (2W)
10%
Jordan NworaSF
10%
Jordan SchakelSF (2W)
10%
J.T. ThorPF
10%
Juancho HernangomezPF
10%
76ersJulian ChampagnieSF (2W)
10%
Justin ChampagnieSF
10%
Malachi FlynnPG
10%
Mamadi DiakitePF (2W)
10%
Mfiondu KabengelePF (2W)
10%
Michael FosterPF (2W)
10%
Miles McBridePG
10%
Nick RichardsC
10%
Oshae BrissettSF
10%
KnicksRyan ArcidiaconoPG
10%
Svi MykhailiukSG
10%
Terry TaylorSG
10%
Theo MaledonPG (2W)
10%
T.J. McConnellPG
10%
Tony BradleyC
10%
Trent ForrestSF (2W)
10%
Trevor KeelsSG (2W)
10%
Vernon CareyC
10%
Vit KrejciPG
10%
Yuta WatanbeSF
10%
Dalano BantonPG
0%
Rodney McGruderSG
0%
Trevelin QueenSG (2W)
0%

Score Distribution

Percentile by Number Answered

Percent of People with Each Score

Your Score History

You have not taken this quiz